El simbolismo en general / (Record no. 145459)

MARC details
000 -LEADER
campo de control de longitud fija 00724nam a2200217 4500
001 - NÚMERO DE CONTROL
campo de control 145459
003 - IDENTIFICADOR DE NÚMERO DE CONTROL
campo de control ES-MaACL
005 - FECHA Y HORA DE LA ÚLTIMA TRANSACCIÓN
campo de control 20230906201234.0
007 - CAMPO FIJO DE DESCRIPCIÓN FÍSICA--INFORMACIÓN GENERAL
campo de control de longitud fija t|
008 - DATOS DE LONGITUD FIJA--INFORMACIÓN GENERAL
campo de control de longitud fija 070214s1978 sp r ||||1| spa d
100 1# - ENTRADA PRINCIPAL--NOMBRE DE PERSONA
Nombre de persona Sperber, Dan.
9 (RLIN) 107699
245 13 - MENCIÓN DEL TÍTULO
Título El simbolismo en general /
Mención de responsabilidad, etc. Dan Sperber ; prólogo de María Jesús Buxó ; traducción de J. M. García de la Mora.
260 ## - PUBLICACIÓN, DISTRIBUCIÓN, ETC.
Lugar de publicación, distribución, etc. Barcelona :
Nombre del editor, distribuidor, etc. Promoción Cultural,
Fecha de publicación, distribución, etc. 1978.
300 ## - DESCRIPCIÓN FÍSICA
Extensión 187 p. ;
Dimensiones 20 cm.
490 1# - MENCIÓN DE SERIE
Mención de serie Temas antropológicos
700 1# - ENTRADA AGREGADA--NOMBRE PERSONAL
Nombre de persona Buxó Rey, María Jesús.
9 (RLIN) 32987
700 1# - ENTRADA AGREGADA--NOMBRE PERSONAL
Nombre de persona García de la Mora, José Manuel.
9 (RLIN) 54451
830 0# - PUNTO DE ACCESO ADICIONAL DE SERIE-TÍTULO UNIFORME
Título uniforme Temas antropológicos
9 (RLIN) 182724
852 ## - LOCALIZACIÓN
Ubicación ES-MaACL
Número de control de estantería L-4325
Sublocalización o colección R.105249
Holdings
Estatus retirado Estado de pérdida Estado de daño No para préstamo Biblioteca de origen Biblioteca actual Ubicación en estantería Fecha de adquisición Fuente de adquisición Total de préstamos Signatura topográfica completa Código de barras Visto por última vez Precio de reemplazo Tipo de ítem Koha
        Biblioteca del Ateneo de Madrid Biblioteca del Ateneo de Madrid Depósito 2 17/01/2008     L-4325 1151835 23/02/2023 23/02/2023 Libro impreso